La condena de los excluidos en la Europa y la España del siglo XXI: un sistema penal criminalizador en un Estado de Bienestar débil

Desde que se conocen las sociedades el sistema de castigo siempre ha existido. Lo único que ha ido cambiando es la manera de castigar. La evolución del sistema penal está estrechamente vinculada al desarrollo de las políticas sociales y económicas. El debilitamiento del Estado de Bienestar en España...

Full description

Saved in:  
Bibliographic Details
Authors: Lópiz Cantó, Pablo (Author) ; Riofrio Gómez, María José (Author)
Format: Electronic Book
Language:Spanish
Published: 2020
In:Year: 2020
Online Access: Volltext (kostenfrei)
Check availability: HBZ Gateway

MARC

LEADER 00000cam a22000002c 4500
001 1865814121
003 DE-627
005 20250113054846.0
007 cr uuu---uuuuu
008 231017s2020 xx |||||o 00| ||spa c
035 |a (DE-627)1865814121 
035 |a (DE-599)KXP1865814121 
040 |a DE-627  |b ger  |c DE-627  |e rda 
041 |a spa 
084 |a 2,1  |2 ssgn 
100 1 |a Lópiz Cantó, Pablo  |e VerfasserIn  |4 aut 
245 1 3 |a La condena de los excluidos en la Europa y la España del siglo XXI: un sistema penal criminalizador en un Estado de Bienestar débil 
264 1 |c 2020 
336 |a Text  |b txt  |2 rdacontent 
337 |a Computermedien  |b c  |2 rdamedia 
338 |a Online-Ressource  |b cr  |2 rdacarrier 
520 |a Desde que se conocen las sociedades el sistema de castigo siempre ha existido. Lo único que ha ido cambiando es la manera de castigar. La evolución del sistema penal está estrechamente vinculada al desarrollo de las políticas sociales y económicas. El debilitamiento del Estado de Bienestar en España, la aplicación de políticas neoliberales durante la recesión económica y las nuevas relaciones salariales tendrá como consecuencia el aumento de la pobreza y/o exclusión social. La forma de abordar los problemas sociales por parte del estado y la reconceptualización del sistema penitenciario son claves para entender el aumento de la criminalización de los colectivos marginales. El Trabajo social debe evolucionar y gestionar el daño social desde diferentes modelos. <br / 
700 1 |a Riofrio Gómez, María José  |e VerfasserIn  |4 aut 
856 4 0 |u https://core.ac.uk/download/427147530.pdf  |x Verlag  |z kostenfrei  |3 Volltext  |7 0 
935 |a mkri 
951 |a BO 
ELC |a 1 
LOK |0 000 xxxxxcx a22 zn 4500 
LOK |0 001 4390852523 
LOK |0 003 DE-627 
LOK |0 004 1865814121 
LOK |0 005 20231017043633 
LOK |0 008 231017||||||||||||||||ger||||||| 
LOK |0 035   |a (DE-2619)CORE112592894 
LOK |0 040   |a DE-2619  |c DE-627  |d DE-2619 
LOK |0 092   |o n 
LOK |0 852   |a DE-2619 
LOK |0 852 1  |9 00 
LOK |0 935   |a core 
LOK |0 939   |a 17-10-23  |b l01 
OAS |a 1 
ORI |a SA-MARC-krimdoka001.raw